The prophets and their times, (Record no. 2087)
[ view plain ]
| 000 -LEADER | |
|---|---|
| fixed length control field | 00949cam a22002891 4500 |
| 001 - CONTROL NUMBER | |
| control field | 7852976 |
| 003 - CONTROL NUMBER IDENTIFIER | |
| control field | GBCCL |
| 005 - DATE AND TIME OF LATEST TRANSACTION | |
| control field | 20241126110417.0 |
| 008 - FIXED-LENGTH DATA ELEMENTS--GENERAL INFORMATION | |
| fixed length control field | 720816s1941 ilu b 000 0 eng |
| 010 ## - | |
| -- | 41051821 |
| 035 ## - SYSTEM CONTROL NUMBER | |
| System control number | (OCoLC)383092 |
| 040 ## - CATALOGING SOURCE | |
| Original cataloging agency | DLC |
| Transcribing agency | ODaWU |
| Modifying agency | OCoLC |
| -- | DLC |
| 042 ## - | |
| -- | premarc |
| 050 00 - | |
| -- | BS1505 |
| -- | .S53 1941 |
| 082 ## - DEWEY DECIMAL CLASSIFICATION NUMBER | |
| Classification number | 224 |
| Item number | SMI |
| 100 1# - MAIN ENTRY--PERSONAL NAME | |
| Personal name | Smith, J. M. Powis |
| Fuller form of name | (John Merlin Powis), |
| Dates associated with a name | 1866-1932. |
| 9 (RLIN) | 4287 |
| 245 14 - TITLE STATEMENT | |
| Title | The prophets and their times, |
| Statement of responsibility, etc. | by J.M. Powis Smith ... |
| 250 ## - EDITION STATEMENT | |
| Edition statement | 2d ed. rev. |
| Remainder of edition statement | by William A. Irwin ... |
| 260 ## - PUBLICATION, DISTRIBUTION, ETC. | |
| Place of publication, distribution, etc. | Chicago, Ill., |
| Name of publisher, distributor, etc. | The University of Chicago Press |
| Date of publication, distribution, etc. | [1941] |
| 300 ## - PHYSICAL DESCRIPTION | |
| Extent | xvii, 342 p. |
| Dimensions | 20 cm. |
| 504 ## - BIBLIOGRAPHY, ETC. NOTE | |
| Bibliography, etc. note | Bibliography: p. 326-327. |
| 630 00 - SUBJECT ADDED ENTRY--UNIFORM TITLE | |
| Uniform title | Bible. |
| Name of part/section of a work | Prophets |
| General subdivision | Criticism, interpretation, etc. |
| 9 (RLIN) | 1240 |
| 650 #0 - SUBJECT ADDED ENTRY--TOPICAL TERM | |
| Topical term or geographic name entry element | Prophets. |
| 9 (RLIN) | 1241 |
| 700 1# - ADDED ENTRY--PERSONAL NAME | |
| Personal name | Irwin, William Andrew, |
| Dates associated with a name | 1884- |
| Relator term | ed. |
| 9 (RLIN) | 4288 |
| 906 ## - LOCAL DATA ELEMENT F, LDF (RLIN) | |
| a | 7 |
| b | cbc |
| c | oclcrpl |
| d | u |
| e | ncip |
| f | 19 |
| g | y-gencatlg |
| 942 ## - ADDED ENTRY ELEMENTS (KOHA) | |
| Source of classification or shelving scheme | Dewey Decimal Classification |
| Koha item type | Books |
| Koha issues (borrowed), all copies | 4 |
| Withdrawn status | Lost status | Source of classification or shelving scheme | Damaged status | Not for loan | Home library | Current Library | Shelving location | Date acquired | Total checkouts | Full call number | Barcode | Date last seen | Date last checked out | Copy number | Price effective from | Koha item type |
|---|---|---|---|---|---|---|---|---|---|---|---|---|---|---|---|---|
| Dewey Decimal Classification | GRACE BIBLE COLLEGE | GRACE BIBLE COLLEGE | Biblical Studies | 2017-06-30 | 7 | 224 SMI | 005344 | 2025-05-01 | 2025-03-03 | c.1 | 2017-06-30 | Books |